Online Catalogue and eLibrary

Notes from a Small Island (Record no. 5678)

MARC details
000 -LEADER
fixed length control field 00412nam a2200169Ia 4500
005 - DATE AND TIME OF LATEST TRANSACTION
control field 20241028015033.0
008 - FIXED-LENGTH DATA ELEMENTS--GENERAL INFORMATION
fixed length control field 240331s9999 xx 000 0 und d
020 ## - INTERNATIONAL STANDARD BOOK NUMBER
ISBN 9780380727506
082 ## - DDC Classification
Item Number - Author Mark BRY
Class No. 823
100 ## - MAIN ENTRY--PERSONAL NAME
Personal name Bryson,B
245 #0 - TITLE STATEMENT
Title Notes from a Small Island
260 ## - PUBLICATION, DISTRIBUTION, ETC.
Place of publication, distribution, etc. America
Name of publisher, distributor, etc. Transworld Publishers Ltd
Date of publication, distribution, etc. 1995
300 ## - PHYSICAL DESCRIPTION
Extent (e.g. Volumes, Pages etc.) 324 p .,
650 ## - SUBJECT ADDED ENTRY--TOPICAL TERM
Topical term or geographic name entry element Civilization
650 ## - SUBJECT ADDED ENTRY--TOPICAL TERM
Topical term or geographic name entry element Culture
942 ## - Koha item type (Biblio)
Koha item type Books in Stacks (Lending)
Holdings
Lost status Damaged status Collection code Home library Current library Shelving location Date acquired Full call number Accession Number Item type
    Lending WERC Library WERC Library Social Science Cupboard 03/31/2024 823 BRY 6746 Books in Stacks (Lending)

© WERC Library